000 00414nam a2200133Ia 4500
008 100328s9999 xx 000 0 und d
082 _b8190
100 _aआपटे ह.ना.
245 _aइशावस्योपनिषते
260 _bआनंदाश्रम
630 _aइशावस्योपनिषते
730 _aइशावस्योपनिषते
942 _cBOOK
999 _c503982
_d503979